| 000 | 01150nam a22002657a 4500 | ||
|---|---|---|---|
| 003 | PE SENCICO BE | ||
| 005 | 20251020182640.0 | ||
| 008 | 230725b |||||||| |||| 00| 0 eng d | ||
| 040 |
_aPE SENCICO BE _cPE SENCICO BE |
||
| 041 | _aspa | ||
| 084 |
_aI _aLAB _a2014 _bE78 |
||
| 100 | 1 |
_91277 _aEscalante Fernández, José Carlos _eautor |
|
| 245 | 1 |
_aSistema de clasificación de suelos SUCS, AASHTO, granulometría y plasticidad / _cJosé Carlos Escalante Fernández |
|
| 260 |
_aLima : _c2014 |
||
| 300 |
_a73 h. : _btabls. diagrs. ; _c29 cm. |
||
| 502 | _aMonografía de Titulación.-- Servicio Nacional de Capacitación para la Industria de la Construcción. Escuela Superior Técnica. Carrera Profesional Técnica en Laboratorio de Suelos, Concreto y Asfalto, 2014. | ||
| 504 | _aReferencias bibliográficos: h. 72. | ||
| 650 | 1 | 4 |
_9155 _aEstudio de suelos |
| 650 | 2 | 4 |
_91262 _aLaboratorio de suelos |
| 650 | 2 | 4 |
_943 _aMecánica de suelos |
| 650 | 2 | 4 |
_91278 _aNormas técnicas |
| 710 | 1 |
_aServicio Nacional de Capacitación para la Industria de la Construcción. _bEscuela Superior Técnica _91065 |
|
| 910 |
_bhfp _chfp |
||
| 942 | _cMON | ||
| 999 |
_c4269 _d4269 |
||